Statistics for Champions League Dutch Best Scorer by Year

Click here to take the quiz!

General Stats

  • This quiz has been taken 350 times
    (147 since last reset)
  • The average score is 15 of 24

Answer Stats

Scorer% Correct
Robin van Persie
94%
Arjen Robben
93%
Ruud van Nistelrooy
89%
Frank de Boer
86%
Luuk de Jong
86%
Ronald de Boer
86%
Nigel de Jong
85%
Marco van Basten
83%
Wesley Sneijder
83%
Memphis Depay
81%
Klaas-Jan Huntelaar
79%
Dirk Kuyt
77%
Patrick Kluivert
77%
Ronald Koeman
68%
Roy Makaay
55%
Ryan Babel
51%
Steven Bergwijn
46%
Steven Berghuis
44%
Quincy Promes
42%
Donny van de Beek
39%
Bas Dost
38%
Arnaut Groeneveld
20%
Giovanni van Bronckhorst
16%
Wim Jonk
3%

Score Distribution

Percentile by Number Answered

Percent of People with Each Score

Your Score History

You have not taken this quiz since the last reset